000 01592nam a22003977a 4500
003 CHAP
005 20240821130718.0
008 090819s2009 mx r 00010 spa d
010 _a96599
011 _a97571
035 _a108239
040 _cCHAP
090 _aTesis
100 1 0 _aRuiz García, Agustín
_9100679
245 1 0 _aModelos para simulación y control del clima de un invernadero con ventilación natural
_c/por Agustín Ruiz García
260 _aChapingo, Méx. :
_bEl autor,
_c2009
300 _axii, 114 h. :
_bapendice, cuadros, gráfs. , ilus.
502 _aTesis (M.en Ingeniería Agrícola y uso Integral del Agua Orientación Biosistemas) -- UACH. Departamento de Ingeniería Mecánica Agrícola
530 _aTambién disponible en línea
590 _aALEPH
_b10
_c20130110
_lUCH01
_h1529
590 _aBATCH-UPD
_b10
_c20130110
_lUCH01
_h1622
590 _aBATCH-UPD
_b10
_c20130410
_lUCH01
_h1016
590 _aBATCH-UPD
_b10
_c20130914
_lUCH01
_h1039
590 _aBATCH-UPD
_b10
_c20140324
_lUCH01
_h1512
590 _aBATCH-UPD
_b10
_c20141002
_lUCH01
_h0840
590 _aCONVERSION
_b10
_c20130109
_lUCH01
_h1353
650 1 4 _aControl ambiental.
_927577
650 1 4 _aInvernaderos
_xDiseño y construcción.
_960175
650 1 4 _aModelos de simulación.
_976415
856 _3Finding aid
_uhttp://10.13.5.2/tesis/108239.pdf
_zTeclea aqui
901 _aBK
911 _aen proceso
942 _cFOLL
949 _aTesis
_bBC
_cTES
_d33724002107603
_eTS1
_gDonaciØn
_h49446
_i108239
_sb
949 _aTesis
_bBC
_cTES
_d33724002107644
_eTS2
_fc.2
_gDonaciØn
_h49447
_i108239
_sb
999 _c96599
_d96599